Academia Chilena de Ciencias Sociales, Políticas y Morales: Vademécum. 1964-2018

Saved in:
Bibliografiske detaljer
Format: Bog
Sprog:spansk
Udgivet: Santiago, Chile: Instituto de Chile, 2018.
Udgivelse:5a. edición
Fag:
Tags: Tilføj Tag
Ingen Tags, Vær først til at tagge denne postø!

MARC

LEADER 00000cam a2200000 a 4500
001 UCC5695
003 CL-VaPUC
005 20231123155125.0
008 181026e20180000cl |||||||||||||||||spa|d
999 |c 372824  |d 372822 
040 |c Pontificia Universidad Católica de Valparaíso 
082 0 4 |a 305.552 ACA 2018  |2 21 
245 1 0 |a Academia Chilena de Ciencias Sociales, Políticas y Morales: Vademécum.  |b 1964-2018 
250 |a 5a. edición 
260 |a Santiago, Chile:  |b Instituto de Chile,  |c 2018. 
300 |a 270 páginas. 
500 |a c.1 Donación Jorge López Santa María. Memo DER N° 044/2023 
583 |a last modification  |c 20181026 16:22:00  |k Rodrigo Vera 
650 0 |a Instituciones culturales  |2 CL-VaPUC  |9 414225 
650 0 |a Actividades culturales  |9 335506 
942 |c BK  |2 ddc 
945 |d 20181026 16:22:00  |a dcastane 
952 |0 0  |1 0  |3 erb  |4 0  |6 305_552000000000000_ACA_2018  |7 0  |8 A  |9 490679  |a BIBHIS  |b BIBHIS  |i 5509521  |o 305.552 ACA 2018  |p 5509521  |r 2025-01-20  |w 2019-11-24  |y BK  |z Catalogado en:20181026  |k HIS 
952 |0 0  |1 0  |2 ddc  |4 0  |6 305_552000000000000_ACA_2018  |7 0  |8 A  |9 592526  |a BIBDER  |b BIBDER  |c GEN  |d 2023-11-16  |e Donación  |i 5659518  |o 305.552 ACA 2018  |p 5659518  |r 2023-11-16  |t 2  |w 2023-11-16  |y BK  |k DER